[Event "Agen 2017 - Open B"]
[Site "?"]
[Date "2017.08.21"]
[Round "3.2"]
[White "Brehier, William"]
[Black "Kozlowski, Thierry"]
[Result "0-1"]
[LiveChessVersion "1.4.8"]
[BlackElo "1976"]
[WhiteElo "1875"]

1. g3 {[%clk 1:29:56]} Nf6 {[%clk 1:30:07]} 2. Bg2 {[%clk 1:30:16]} c5
{[%clk 1:30:17]} 3. d3 {[%clk 1:29:17]} Nc6 {[%clk 1:30:03]} 4. b3
{[%clk 1:25:35]} e6 {[%clk 1:26:09]} 5. e3 {[%clk 1:25:04]} Be7 {[%clk 1:25:12]}
6. Bb2 {[%clk 1:24:44]} Qc7 {[%clk 1:23:22]} 7. Ne2 {[%clk 1:22:10]} b6
{[%clk 1:23:41]} 8. Nd2 {[%clk 1:22:16]} Bb7 {[%clk 1:23:57]} 9. a3
{[%clk 1:18:38]} Rd8 {[%clk 1:11:10]} 10. O-O {[%clk 1:18:09]} d6
{[%clk 0:45:22]} 11. h3 {[%clk 1:15:43]} h5 {[%clk 0:40:49]} 12. e4
{[%clk 0:55:45]} g5 {[%clk 0:33:59]} 13. f4 {[%clk 0:53:07]} g4 {[%clk 0:30:09]}
14. h4 {[%clk 0:46:31]} O-O {[%clk 0:25:14]} 15. Qc1 {[%clk 0:40:09]} Kh7
{[%clk 0:19:17]} 16. Nc4 {[%clk 0:35:53]} Ne8 {[%clk 0:10:45]} 17. f5
{[%clk 0:30:28]} e5 {[%clk 0:10:39]} 18. Ne3 {[%clk 0:25:44]} Nd4
{[%clk 0:09:31]} 19. Nxd4 {[%clk 0:22:31]} cxd4 {[%clk 0:09:57]} 20. f6
{[%clk 0:18:20]} dxe3 {[%clk 0:10:22]} 21. fxe7 {[%clk 0:18:37]} Qxe7
{[%clk 0:10:35]} 22. Qxe3 {[%clk 0:18:32]} Ng7 {[%clk 0:08:10]} 23. d4
{[%clk 0:15:08]} f6 {[%clk 0:05:03]} 24. c4 {[%clk 0:14:00]} Bc8 {[%clk 0:05:09]}
25. Rae1 {[%clk 0:11:30]} Rde8 {[%clk 0:05:33]} 26. Qd2 {[%clk 0:09:36]} Kg6
{[%clk 0:03:30]} 27. a4 {[%clk 0:08:53]} Rf7 {[%clk 0:02:47]} 28. a5
{[%clk 0:06:45]} exd4 {[%clk 0:01:54]} 29. Bxd4 {[%clk 0:06:23]} bxa5
{[%clk 0:02:04]} 30. Qxa5 {[%clk 0:05:17]} Ne6 {[%clk 0:02:30]} 31. Be3
{[%clk 0:02:52]} Nc5 {[%clk 0:02:40]} 32. Bxc5 {[%clk 0:01:23]} dxc5
{[%clk 0:03:06]} 33. Qb5 {[%clk 0:00:48]} Rd8 {[%clk 0:02:01]} 34. Qa5
{[%clk 0:00:50]} Rff8 {[%clk 0:01:55]} 35. Qc3 {[%clk 0:01:06]} Rd4
{[%clk 0:01:31]} 36. b4 {[%clk 0:00:55]} Rfd8 {[%clk 0:01:57]} 37. bxc5
{[%clk 0:00:39]} Qxc5 {[%clk 0:01:59]} 38. Qe3 {[%clk 0:01:00]} Rxc4
{[%clk 0:01:56]} 39. Qxc5 {[%clk 0:00:59]} Rxc5 {[%clk 0:02:21]} 40. Ra1
{[%clk 0:30:53]} a5 {[%clk 0:30:40]} 41. Ra3 {[%clk 0:22:17]} Re8
{[%clk 0:17:35]} 42. Rfa1 {[%clk 0:19:44]} Ree5 {[%clk 0:17:17]} 43. R1a2
{[%clk 0:19:32]} Bd7 {[%clk 0:17:14]} 44. Kf2 {[%clk 0:19:15]} a4
{[%clk 0:17:05]} 45. Ke3 {[%clk 0:19:28]} Bb5 {[%clk 0:15:24]} 46. Rb2
{[%clk 0:17:17]} Bc6 {[%clk 0:14:54]} 47. Kd4 {[%clk 0:17:25]} Rc1
{[%clk 0:13:36]} 48. Ke3 {[%clk 0:15:05]} Rec5 {[%clk 0:11:12]} 49. Rd2
{[%clk 0:14:26]} Kf7 {[%clk 0:10:27]} 50. Kd4 {[%clk 0:13:35]} R1c4+
{[%clk 0:10:18]} 51. Ke3 {[%clk 0:13:50]} Ke6 {[%clk 0:09:56]} 52. Rd4
{[%clk 0:11:56]} Ke5 {[%clk 0:09:30]} 53. Rd8 {[%clk 0:11:34]} Rc3+
{[%clk 0:08:43]} 54. Rd3 {[%clk 0:11:45]} Rxa3 {[%clk 0:08:14]} 55. Rxa3
{[%clk 0:12:13]} Rb5 {[%clk 0:07:12]} 56. Bf1 {[%clk 0:11:25]} Rb4
{[%clk 0:07:41]} 0-1

[Event "Agen 2017 - Open B"]
[Site "?"]
[Date "2017.08.21"]
[Round "3.3"]
[White "Nguyen-Cadoret, Nathan"]
[Black "Chosson, Julien"]
[Result "1-0"]
[LiveChessVersion "1.4.8"]
[BlackElo "1954"]
[WhiteElo "1873"]

1. d4 {[%clk 1:30:57]} Nf6 {[%clk 1:30:51]} 2. c4 {[%clk 1:31:17]} g6
{[%clk 1:31:11]} 3. Nf3 {[%clk 1:31:41]} Bg7 {[%clk 1:31:34]} 4. g3
{[%clk 1:32:08]} O-O {[%clk 1:30:58]} 5. Bg2 {[%clk 1:32:31]} c6 {[%clk 1:29:54]}
6. O-O {[%clk 1:32:29]} d5 {[%clk 1:29:55]} 7. cxd5 {[%clk 1:27:16]} cxd5
{[%clk 1:29:55]} 8. Ne5 {[%clk 1:27:03]} Nfd7 {[%clk 1:21:52]} 9. f4
{[%clk 1:16:17]} Qb6 {[%clk 1:17:18]} 10. Nc3 {[%clk 1:01:10]} e6
{[%clk 1:14:38]} 11. e3 {[%clk 0:57:59]} Nxe5 {[%clk 1:10:46]} 12. fxe5
{[%clk 0:58:14]} Bd7 {[%clk 1:08:45]} 13. b3 {[%clk 0:52:58]} Bb5
{[%clk 1:03:33]} 14. Rf2 {[%clk 0:44:28]} Nc6 {[%clk 0:44:53]} 15. Ba3
{[%clk 0:36:20]} Rfd8 {[%clk 0:43:19]} 16. Bc5 {[%clk 0:34:41]} Qa6
{[%clk 0:40:19]} 17. a4 {[%clk 0:32:05]} Bd3 {[%clk 0:37:39]} 18. b4
{[%clk 0:26:26]} Bc4 {[%clk 0:31:34]} 19. Qf3 {[%clk 0:13:05]} Rd7
{[%clk 0:25:24]} 20. b5 {[%clk 0:09:56]} Qa5 {[%clk 0:25:31]} 21. bxc6
{[%clk 0:10:07]} Qxc3 {[%clk 0:25:32]} 22. cxd7 {[%clk 0:10:29]} Qxa1+
{[%clk 0:25:34]} 23. Bf1 {[%clk 0:10:37]} Qxa4 {[%clk 0:22:52]} 24. Qxf7+
{[%clk 0:10:41]} Kh8 {[%clk 0:23:12]} 25. Bf8 {[%clk 0:09:06]} Bxf8
{[%clk 0:21:28]} 26. Qxf8+ {[%clk 0:09:31]} Rxf8 {[%clk 0:21:53]} 27. Rxf8+
{[%clk 0:09:58]} 1-0

[Event "Agen 2017 - Open B"]
[Site "?"]
[Date "2017.08.21"]
[Round "3.4"]
[White "Le Brech, Cyril"]
[Black "Azymah, Remy"]
[Result "1-0"]
[LiveChessVersion "1.4.8"]
[BlackElo "1880"]
[WhiteElo "1943"]

1. e4 {[%clk 1:30:57]} c5 {[%clk 1:30:55]} 2. Nf3 {[%clk 1:31:16]} d6
{[%clk 1:31:21]} 3. d4 {[%clk 1:31:37]} cxd4 {[%clk 1:31:47]} 4. Nxd4
{[%clk 1:31:58]} Nf6 {[%clk 1:32:12]} 5. Nc3 {[%clk 1:32:17]} a6 {[%clk 1:32:30]}
6. Bc4 {[%clk 1:32:26]} e6 {[%clk 1:32:50]} 7. Bb3 {[%clk 1:32:40]} Nbd7
{[%clk 1:33:11]} 8. O-O {[%clk 1:28:18]} Nc5 {[%clk 1:33:20]} 9. Re1
{[%clk 1:28:26]} Be7 {[%clk 1:33:26]} 10. Bg5 {[%clk 1:18:14]} Nxb3
{[%clk 1:29:46]} 11. axb3 {[%clk 1:14:05]} Bd7 {[%clk 1:15:24]} 12. Qe2
{[%clk 1:09:39]} O-O {[%clk 1:14:55]} 13. Qd3 {[%clk 1:04:24]} Qc7
{[%clk 1:01:16]} 14. Rad1 {[%clk 1:01:39]} Rad8 {[%clk 0:47:26]} 15. Re3
{[%clk 0:59:04]} h6 {[%clk 0:40:09]} 16. Bh4 {[%clk 0:42:38]} Qc5
{[%clk 0:38:34]} 17. h3 {[%clk 0:21:48]} Rfe8 {[%clk 0:34:05]} 18. Bg3
{[%clk 0:21:08]} Bf8 {[%clk 0:22:25]} 19. Rf3 {[%clk 0:18:11]} Be7
{[%clk 0:13:13]} 20. Kh1 {[%clk 0:15:28]} d5 {[%clk 0:12:04]} 21. e5
{[%clk 0:14:57]} Ne4 {[%clk 0:12:25]} 22. Re1 {[%clk 0:12:51]} Nxc3
{[%clk 0:10:29]} 23. bxc3 {[%clk 0:12:15]} Rc8 {[%clk 0:10:32]} 24. Bf4
{[%clk 0:12:05]} Bf8 {[%clk 0:10:33]} 25. Rg3 {[%clk 0:12:11]} Kh8
{[%clk 0:10:38]} 26. Qf3 {[%clk 0:12:10]} Qe7 {[%clk 0:06:44]} 27. Qg4
{[%clk 0:11:45]} g6 {[%clk 0:05:19]} 28. h4 {[%clk 0:09:27]} h5 {[%clk 0:05:36]}
29. Qf3 {[%clk 0:09:37]} Bg7 {[%clk 0:04:16]} 30. Bg5 {[%clk 0:09:12]} Qf8
{[%clk 0:04:39]} 31. Rh3 {[%clk 0:08:59]} Kg8 {[%clk 0:03:51]} 32. Rh2
{[%clk 0:05:52]} Qc5 {[%clk 0:03:27]} 33. Re3 {[%clk 0:05:28]} Qc7
{[%clk 0:02:34]} 34. Bf6 {[%clk 0:04:23]} Bxf6 {[%clk 0:01:52]} 35. Qxf6
{[%clk 0:04:17]} Qa5 {[%clk 0:01:59]} 36. g4 {[%clk 0:03:44]} Rxc3
{[%clk 0:01:57]} 37. gxh5 {[%clk 0:03:52]} Rxe3 {[%clk 0:01:21]} 38. h6
{[%clk 0:03:34]} Qe1+ {[%clk 0:00:32]} 39. Kg2 {[%clk 0:03:48]} Rg3+
{[%clk 0:00:39]} 40. Kxg3 1-0

[Event "Agen 2017 - Open C"]
[Site "?"]
[Date "2017.08.21"]
[Round "3.1"]
[White "Rohrhurst, Werner"]
[Black "Milroy, Melena"]
[Result "1/2-1/2"]
[LiveChessVersion "1.4.8"]
[BlackElo "1710"]
[WhiteElo "1795"]

1. d4 {[%clk 1:30:27]} Nf6 {[%clk 1:30:53]} 2. Nf3 {[%clk 1:29:29]} c5
{[%clk 1:30:46]} 3. e3 {[%clk 1:26:24]} cxd4 {[%clk 1:28:12]} 4. exd4
{[%clk 1:26:04]} d5 {[%clk 1:25:34]} 5. Be2 {[%clk 1:22:14]} Nc6 {[%clk 1:20:06]}
6. O-O {[%clk 1:20:39]} e6 {[%clk 1:19:26]} 7. Re1 {[%clk 1:19:52]} Bd6
{[%clk 1:18:20]} 8. a4 {[%clk 1:13:54]} O-O {[%clk 1:10:45]} 9. Nbd2
{[%clk 1:12:18]} Qc7 {[%clk 1:08:59]} 10. Nf1 {[%clk 1:11:45]} Bd7
{[%clk 1:05:58]} 11. c3 {[%clk 1:08:57]} Rac8 {[%clk 1:00:22]} 12. Bd3
{[%clk 1:05:36]} Na5 {[%clk 0:55:36]} 13. Bg5 {[%clk 1:02:57]} Ne8
{[%clk 0:51:39]} 14. Bc1 {[%clk 0:51:36]} h6 {[%clk 0:45:01]} 15. Ne5
{[%clk 0:47:07]} Nf6 {[%clk 0:41:18]} 16. Qf3 {[%clk 0:44:34]} Bxe5
{[%clk 0:22:41]} 17. Rxe5 {[%clk 0:38:04]} Ne8 {[%clk 0:06:38]} 18. Bxh6
{[%clk 0:05:34]} f6 {[%clk 0:01:23]} 19. Rh5 {[%clk 0:02:55]} Kf7
{[%clk 0:00:35]} 20. Bf4 {[%clk 0:02:08]} Qb6 {[%clk 0:00:48]} 21. Rh7
{[%clk 0:01:56]} Qxb2 {[%clk 0:00:48]} 22. Qh5+ {[%clk 0:01:46]} Ke7
{[%clk 0:01:03]} 23. Re1 {[%clk 0:01:17]} Kd8 {[%clk 0:00:51]} 24. Bg6
{[%clk 0:01:10]} Qxc3 {[%clk 0:00:37]} 25. Rc1 {[%clk 0:01:38]} Qxd4
{[%clk 0:00:43]} 26. Rxc8+ {[%clk 0:01:51]} Kxc8 {[%clk 0:01:08]} 27. Qf3
{[%clk 0:00:54]} Nc6 {[%clk 0:00:38]} 28. Bxe8 {[%clk 0:00:57]} Bxe8
{[%clk 0:01:04]} 29. Rxg7 {[%clk 0:01:19]} Rf7 {[%clk 0:01:27]} 30. Rg8
{[%clk 0:01:44]} Kd7 {[%clk 0:01:41]} 31. Be3 {[%clk 0:01:09]} Qe4
{[%clk 0:01:52]} 32. Qd1 {[%clk 0:01:21]} Qh7 {[%clk 0:01:53]} 33. Rg3
{[%clk 0:01:21]} Rg7 {[%clk 0:01:58]} 34. Qb3 {[%clk 0:01:43]} Kc8
{[%clk 0:02:06]} 35. Rf3 {[%clk 0:01:35]} Qg6 {[%clk 0:01:57]} 36. Rg3
{[%clk 0:01:50]} Qf7 {[%clk 0:02:18]} 37. Rh3 {[%clk 0:01:38]} Qg8
{[%clk 0:02:27]} 38. Rg3 {[%clk 0:00:57]} Rxg3 {[%clk 0:02:47]} 39. hxg3
{[%clk 0:01:25]} Bg6 {[%clk 0:02:11]} 40. Qc3 {[%clk 0:31:18]} Kd7
{[%clk 0:31:02]} 41. Qxf6 {[%clk 0:31:13]} Qf7 {[%clk 0:30:30]} 42. Qb2
{[%clk 0:30:14]} 1/2-1/2

[Event "Agen 2017 - Open C"]
[Site "?"]
[Date "2017.08.21"]
[Round "3.2"]
[White "Robion, Jean-Claude"]
[Black "Laffonta, Matthias"]
[Result "1/2-1/2"]
[LiveChessVersion "1.4.8"]
[BlackElo "1761"]
[WhiteElo "1698"]

1. e4 {[%clk 1:30:57]} c5 {[%clk 1:30:42]} 2. Nf3 {[%clk 1:31:19]} a6
{[%clk 1:30:48]} 3. d4 {[%clk 1:31:42]} cxd4 {[%clk 1:31:00]} 4. Nxd4
{[%clk 1:32:03]} Nf6 {[%clk 1:31:22]} 5. Nc3 {[%clk 1:32:26]} e5 {[%clk 1:30:48]}
6. Nf3 {[%clk 1:29:01]} Nc6 {[%clk 1:26:32]} 7. Bd3 {[%clk 1:26:30]} Bb4
{[%clk 1:20:44]} 8. Bd2 {[%clk 1:26:03]} d5 {[%clk 1:15:37]} 9. Nxd5
{[%clk 1:18:53]} Nxd5 {[%clk 1:11:36]} 10. exd5 {[%clk 1:17:33]} Qxd5
{[%clk 1:09:05]} 11. Qe2 {[%clk 1:10:29]} Bxd2+ {[%clk 1:00:54]} 12. Nxd2
{[%clk 1:00:59]} Nd4 {[%clk 0:51:36]} 13. Qe4 {[%clk 0:48:24]} Qxe4+
{[%clk 0:49:24]} 14. Nxe4 {[%clk 0:48:38]} O-O {[%clk 0:46:21]} 15. O-O-O
{[%clk 0:44:39]} Bf5 {[%clk 0:39:02]} 16. Rhe1 {[%clk 0:44:03]} Bxe4
{[%clk 0:36:44]} 17. Bxe4 {[%clk 0:42:51]} Rac8 {[%clk 0:36:18]} 18. c3
{[%clk 0:41:07]} Rc7 {[%clk 0:25:37]} 19. Bxb7 {[%clk 0:33:31]} Rxb7
{[%clk 0:23:59]} 20. cxd4 {[%clk 0:33:51]} Rc8+ {[%clk 0:24:08]} 21. Kb1
{[%clk 0:34:08]} Rcb8 {[%clk 0:23:20]} 22. Re2 {[%clk 0:32:53]} e4
{[%clk 0:22:06]} 23. d5 {[%clk 0:32:31]} f5 {[%clk 0:21:18]} 24. d6
{[%clk 0:31:48]} Kf7 {[%clk 0:20:41]} 25. Rd5 {[%clk 0:20:34]} Ke6
{[%clk 0:20:22]} 26. Red2 {[%clk 0:20:46]} Rd7 {[%clk 0:20:26]} 27. b3
{[%clk 0:17:00]} Rb6 {[%clk 0:20:23]} 28. Kb2 {[%clk 0:16:46]} Rdxd6
{[%clk 0:19:31]} 29. Rxd6+ {[%clk 0:16:57]} Rxd6 {[%clk 0:19:59]} 30. Rxd6+
{[%clk 0:17:18]} Kxd6 {[%clk 0:20:25]} 31. Kc3 {[%clk 0:17:30]} Kd5
{[%clk 0:14:59]} 32. b4 {[%clk 0:17:24]} f4 {[%clk 0:14:53]} 33. a4
{[%clk 0:17:32]} f3 {[%clk 0:13:36]} 34. gxf3 {[%clk 0:17:19]} exf3
{[%clk 0:14:02]} 35. Kd3 {[%clk 0:14:36]} h6 {[%clk 0:11:25]} 36. Ke3
{[%clk 0:14:28]} Kc4 {[%clk 0:11:32]} 37. b5 {[%clk 0:14:44]} axb5
{[%clk 0:11:44]} 38. axb5 {[%clk 0:15:04]} Kxb5 {[%clk 0:12:11]} 39. Kxf3
{[%clk 0:15:16]} Kc5 {[%clk 0:11:34]} 40. Ke4 {[%clk 0:43:01]} Kd6
{[%clk 0:41:02]} 1/2-1/2

[Event "Agen 2017 - Open C"]
[Site "?"]
[Date "2017.08.21"]
[Round "3.3"]
[White "Lebreton, Tristan"]
[Black "Marchais, Antoine"]
[Result "1/2-1/2"]
[LiveChessVersion "1.4.8"]
[BlackElo "1705"]
[WhiteElo "1759"]

1. d4 {[%clk 1:30:51]} e6 {[%clk 1:30:55]} 2. c4 {[%clk 1:30:17]} f5
{[%clk 1:31:19]} 3. Nf3 {[%clk 1:27:51]} Nf6 {[%clk 1:31:42]} 4. g3
{[%clk 1:27:28]} Be7 {[%clk 1:31:56]} 5. Bg2 {[%clk 1:27:54]} O-O
{[%clk 1:32:17]} 6. O-O {[%clk 1:27:38]} d6 {[%clk 1:32:39]} 7. Nc3
{[%clk 1:28:04]} Ne4 {[%clk 1:32:36]} 8. Qc2 {[%clk 1:26:11]} Nxc3
{[%clk 1:32:38]} 9. bxc3 {[%clk 1:20:54]} Nd7 {[%clk 1:29:08]} 10. Re1
{[%clk 1:09:23]} e5 {[%clk 1:20:32]} 11. e4 {[%clk 1:09:11]} f4 {[%clk 1:16:44]}
12. gxf4 {[%clk 0:57:57]} exf4 {[%clk 1:16:53]} 13. c5 {[%clk 0:58:23]} dxc5
{[%clk 1:09:24]} 14. d5 {[%clk 0:58:44]} Qe8 {[%clk 1:09:37]} 15. e5
{[%clk 0:57:38]} Nb6 {[%clk 1:05:04]} 16. c4 {[%clk 0:49:49]} Bf5
{[%clk 1:05:15]} 17. Qb3 {[%clk 0:50:16]} Qh5 {[%clk 1:03:23]} 18. a4
{[%clk 0:37:53]} Bh3 {[%clk 0:51:28]} 19. Bxh3 {[%clk 0:34:25]} Qxh3
{[%clk 0:51:54]} 20. Ra3 {[%clk 0:32:24]} Rf5 {[%clk 0:35:56]} 21. a5
{[%clk 0:24:21]} Nd7 {[%clk 0:27:44]} 22. Qxb7 {[%clk 0:21:03]} Raf8
{[%clk 0:27:27]} 23. Qxc7 {[%clk 0:18:26]} Rh5 {[%clk 0:27:43]} 24. e6
{[%clk 0:17:31]} Nf6 {[%clk 0:21:23]} 25. Bxf4 {[%clk 0:16:11]} Bd8
{[%clk 0:19:51]} 26. Qxc5 {[%clk 0:14:56]} Qg4+ {[%clk 0:12:08]} 27. Bg3
{[%clk 0:15:08]} Ne4 {[%clk 0:12:28]} 28. Rxe4 {[%clk 0:13:48]} Qxe4
{[%clk 0:12:49]} 29. Re3 {[%clk 0:14:06]} Qg4 {[%clk 0:12:32]} 30. e7
{[%clk 0:13:39]} Bxe7 {[%clk 0:12:54]} 31. Qxe7 {[%clk 0:12:28]} Rxf3
{[%clk 0:13:20]} 32. Qe6+ {[%clk 0:10:50]} Qxe6 {[%clk 0:13:47]} 33. Rxe6
{[%clk 0:10:48]} Rh6 {[%clk 0:14:11]} 34. Re7 {[%clk 0:07:31]} Rf7
{[%clk 0:14:18]} 35. Re8+ {[%clk 0:07:51]} Rf8 {[%clk 0:14:44]} 36. Re7
{[%clk 0:07:58]} Rf7 {[%clk 0:15:04]} 37. Re8+ {[%clk 0:08:21]} Rf8
{[%clk 0:15:32]} 38. Re3 {[%clk 0:08:32]} Rc8 {[%clk 0:15:27]} 39. d6
{[%clk 0:07:14]} Rf6 {[%clk 0:14:45]} 40. Rd3 {[%clk 0:33:35]} Rf7
{[%clk 0:43:59]} 41. c5 {[%clk 0:23:52]} Rd7 {[%clk 0:44:16]} 42. Rc3
{[%clk 0:24:07]} Rc6 {[%clk 0:44:41]} 43. Kg2 {[%clk 0:24:25]} Kf7
{[%clk 0:45:09]} 44. Kf3 {[%clk 0:24:49]} Ke6 {[%clk 0:45:30]} 45. Ke4
{[%clk 0:25:00]} Rf7 {[%clk 0:45:53]} 46. Kd4 {[%clk 0:24:08]} Kd7
{[%clk 0:45:58]} 47. Re3 {[%clk 0:23:22]} Ra6 {[%clk 0:42:51]} 48. Re5
{[%clk 0:14:35]} g6 {[%clk 0:40:47]} 49. h4 {[%clk 0:11:53]} h5 {[%clk 0:38:44]}
50. Kc4 {[%clk 0:09:40]} Rc6 {[%clk 0:39:09]} 51. Kb5 {[%clk 0:09:19]} a6+
{[%clk 0:39:30]} 52. Kc4 {[%clk 0:09:44]} Rc8 {[%clk 0:39:09]} 53. Kd4
{[%clk 0:08:58]} Rb8 {[%clk 0:38:41]} 54. Kd5 {[%clk 0:09:12]} Rc8
{[%clk 0:38:26]} 55. Kd4 {[%clk 0:09:36]} Rc6 1/2-1/2

[Event "Agen 2017 - Open C"]
[Site "?"]
[Date "2017.08.21"]
[Round "3.4"]
[White "Perlant, Matthieu"]
[Black "Ferrandi, Bernard"]
[Result "1-0"]
[LiveChessVersion "1.4.8"]
[BlackElo "1749"]
[WhiteElo "1697"]

1. e4 {[%clk 1:30:53]} d5 {[%clk 1:30:44]} 2. exd5 {[%clk 1:31:18]} Qxd5
{[%clk 1:31:05]} 3. Nc3 {[%clk 1:31:41]} Qa5 {[%clk 1:31:23]} 4. Bc4
{[%clk 1:32:00]} c6 {[%clk 1:31:29]} 5. d3 {[%clk 1:32:08]} Qc7 {[%clk 1:31:18]}
6. Nf3 {[%clk 1:29:56]} Nd7 {[%clk 1:31:29]} 7. a4 {[%clk 1:23:47]} Ngf6
{[%clk 1:28:22]} 8. O-O {[%clk 1:21:54]} Nb6 {[%clk 1:27:27]} 9. Bb3
{[%clk 1:20:26]} Bg4 {[%clk 1:27:01]} 10. Bg5 {[%clk 1:15:55]} O-O-O
{[%clk 1:21:47]} 11. Re1 {[%clk 1:08:09]} e6 {[%clk 1:19:20]} 12. h3
{[%clk 0:59:59]} Bh5 {[%clk 1:18:15]} 13. Ne4 {[%clk 0:58:32]} Be7
{[%clk 1:17:12]} 14. Ng3 {[%clk 0:57:23]} Bg6 {[%clk 1:15:58]} 15. Be3
{[%clk 0:46:09]} Nbd5 {[%clk 1:09:51]} 16. Qe2 {[%clk 0:38:04]} Nxe3
{[%clk 1:09:35]} 17. Qxe3 {[%clk 0:38:12]} Kb8 {[%clk 1:06:13]} 18. Ne5
{[%clk 0:33:20]} Nd5 {[%clk 0:58:37]} 19. Bxd5 {[%clk 0:30:46]} Rxd5
{[%clk 0:58:39]} 20. Nxg6 {[%clk 0:29:40]} hxg6 {[%clk 0:58:46]} 21. Qf3
{[%clk 0:21:51]} Bc5 {[%clk 0:53:29]} 22. c3 {[%clk 0:15:25]} Bb6
{[%clk 0:47:47]} 23. b4 {[%clk 0:10:13]} a6 {[%clk 0:44:01]} 24. a5
{[%clk 0:08:53]} Ba7 {[%clk 0:41:48]} 25. d4 {[%clk 0:08:03]} e5 {[%clk 0:40:26]}
26. Rxe5 {[%clk 0:05:19]} Rxe5 {[%clk 0:39:51]} 27. dxe5 {[%clk 0:05:43]} Qxe5
{[%clk 0:39:42]} 28. Rd1 {[%clk 0:05:21]} f5 {[%clk 0:38:09]} 29. Qd3
{[%clk 0:03:24]} Ka8 {[%clk 0:36:29]} 30. Qd6 {[%clk 0:01:25]} Qxc3
{[%clk 0:35:34]} 31. Ne2 {[%clk 0:00:49]} Qb2 {[%clk 0:33:01]} 32. Qe7
{[%clk 0:00:52]} Qb3 {[%clk 0:30:42]} 33. Rd7 {[%clk 0:00:46]} Qb1+
{[%clk 0:23:46]} 34. Kh2 {[%clk 0:01:06]} Rb8 {[%clk 0:17:35]} 35. Nd4
{[%clk 0:00:44]} Qc1 {[%clk 0:16:00]} 36. g3 {[%clk 0:00:44]} Qc4
{[%clk 0:14:21]} 37. Qe5 {[%clk 0:00:34]} Qxb4 {[%clk 0:10:46]} 38. Ne6
{[%clk 0:00:41]} Bxf2 {[%clk 0:10:00]} 39. Nc7+ {[%clk 0:00:52]} Ka7
{[%clk 0:10:13]} 40. Nxa6 {[%clk 0:30:43]} Kxa6 {[%clk 0:36:47]} 41. Qe2+
{[%clk 0:19:20]} Kxa5 {[%clk 0:33:53]} 42. Qxf2 {[%clk 0:18:50]} c5
{[%clk 0:29:02]} 43. Rd2 {[%clk 0:15:18]} b5 {[%clk 0:28:03]} 44. Qe3
{[%clk 0:13:20]} Rc8 {[%clk 0:25:39]} 45. Ra2+ {[%clk 0:13:15]} Kb6
{[%clk 0:25:56]} 46. Qe7 {[%clk 0:09:45]} f4 {[%clk 0:18:25]} 47. Qd6+
{[%clk 0:04:35]} Kb7 {[%clk 0:18:10]} 48. gxf4 {[%clk 0:04:46]} Qd4
{[%clk 0:16:58]} 49. Qa6+ {[%clk 0:02:52]} Kc7 {[%clk 0:17:13]} 50. Qa5+
{[%clk 0:02:51]} Kd6 {[%clk 0:16:24]} 51. Rd2 {[%clk 0:03:10]} Rb8
{[%clk 0:13:54]} 52. Rxd4+ {[%clk 0:03:01]} cxd4 {[%clk 0:14:14]} 53. Qb4+
{[%clk 0:03:02]} Kd5 {[%clk 0:14:16]} 54. Kg3 {[%clk 0:03:15]} Ke4
{[%clk 0:13:43]} 55. Qd6 {[%clk 0:02:27]} Rh8 {[%clk 0:12:14]} 56. Qc6+
{[%clk 0:02:33]} Ke3 {[%clk 0:12:11]} 57. Qxb5 {[%clk 0:02:36]} Rc8
{[%clk 0:10:49]} 58. Qe5+ {[%clk 0:02:33]} Kd3 {[%clk 0:11:04]} 59. Kf3
{[%clk 0:02:38]} Rc2 {[%clk 0:10:41]} 60. Qb5+ {[%clk 0:02:31]} Kd2
{[%clk 0:10:40]} 61. Ke4 {[%clk 0:02:18]} Kc3 {[%clk 0:09:08]} 62. Qd3+
{[%clk 0:02:14]} Kb2 {[%clk 0:09:06]} 63. Qxd4+ {[%clk 0:02:25]} Kb3
{[%clk 0:09:18]} 64. Qxg7 {[%clk 0:02:31]} Re2+ {[%clk 0:09:28]} 65. Kf3
{[%clk 0:02:44]} Rh2 {[%clk 0:09:22]} 66. Kg3 {[%clk 0:02:39]} Rh1
{[%clk 0:09:34]} 67. Kg2 {[%clk 0:03:05]} 1-0

[Event "Agen 2017 - Open D"]
[Site "?"]
[Date "2017.08.21"]
[Round "3.1"]
[White "Jugeau, Frederic"]
[Black "Bur, Lucas"]
[Result "1-0"]
[LiveChessVersion "1.4.8"]
[BlackElo "1499"]
[WhiteElo "1423"]

1. e4 {[%clk 1:29:34]} d6 {[%clk 1:30:30]} 2. d4 {[%clk 1:29:50]} Nf6
{[%clk 1:30:54]} 3. Nc3 {[%clk 1:30:00]} g6 {[%clk 1:31:07]} 4. f4
{[%clk 1:30:16]} Bg7 {[%clk 1:30:31]} 5. Nf3 {[%clk 1:30:31]} O-O
{[%clk 1:30:05]} 6. e5 {[%clk 1:25:44]} dxe5 {[%clk 1:29:32]} 7. fxe5
{[%clk 1:25:07]} Nd5 {[%clk 1:29:32]} 8. Bc4 {[%clk 1:23:57]} Nb6
{[%clk 1:15:25]} 9. Bb3 {[%clk 1:23:39]} Bg4 {[%clk 1:01:32]} 10. O-O
{[%clk 1:19:36]} Nc6 {[%clk 0:56:26]} 11. Ne2 {[%clk 1:09:16]} Qd7
{[%clk 0:49:20]} 12. c3 {[%clk 1:04:57]} Rad8 {[%clk 0:42:16]} 13. Qe1
{[%clk 0:53:49]} Be6 {[%clk 0:29:19]} 14. Bc2 {[%clk 0:42:31]} f6
{[%clk 0:25:36]} 15. Qh4 {[%clk 0:34:08]} Bg4 {[%clk 0:11:56]} 16. Bh6
{[%clk 0:22:59]} Bxh6 {[%clk 0:02:54]} 17. Qxh6 {[%clk 0:23:19]} Rf7
{[%clk 0:02:15]} 18. Nf4 {[%clk 0:18:32]} f5 {[%clk 0:01:02]} 19. Bb3
{[%clk 0:17:30]} Qe8 {[%clk 0:00:35]} 20. Ng5 {[%clk 0:15:30]} Nd5
{[%clk 0:00:38]} 21. Nxd5 {[%clk 0:15:28]} 1-0

[Event "Agen 2017 - Open D"]
[Site "?"]
[Date "2017.08.21"]
[Round "3.2"]
[White "Devaux, Francois"]
[Black "Ruhlmann, Anne"]
[Result "1-0"]
[LiveChessVersion "1.4.8"]
[BlackElo "1405"]
[WhiteElo "1498"]

1. d4 {[%clk 1:30:53]} c5 {[%clk 1:30:46]} 2. Bf4 {[%clk 1:28:12]} cxd4
{[%clk 1:26:42]} 3. Nf3 {[%clk 1:22:49]} Nc6 {[%clk 1:24:11]} 4. Nxd4
{[%clk 1:19:36]} Qb6 {[%clk 1:20:44]} 5. Nb3 {[%clk 1:14:06]} Nf6
{[%clk 1:18:14]} 6. Nc3 {[%clk 1:09:52]} e5 {[%clk 1:16:52]} 7. Bg3
{[%clk 1:08:30]} Bb4 {[%clk 1:15:45]} 8. Qd2 {[%clk 0:58:24]} Ne4
{[%clk 1:09:05]} 9. Qd3 {[%clk 0:58:09]} Nxc3 {[%clk 1:08:05]} 10. bxc3
{[%clk 0:58:15]} Be7 {[%clk 1:07:30]} 11. e4 {[%clk 0:55:00]} O-O
{[%clk 1:07:42]} 12. Be2 {[%clk 0:53:29]} d6 {[%clk 1:05:10]} 13. O-O
{[%clk 0:50:33]} Be6 {[%clk 1:04:18]} 14. Rab1 {[%clk 0:46:49]} Qc7
{[%clk 1:03:30]} 15. Rfd1 {[%clk 0:37:01]} Rac8 {[%clk 1:00:28]} 16. f3
{[%clk 0:32:40]} a6 {[%clk 0:55:48]} 17. Be1 {[%clk 0:28:22]} Rfd8
{[%clk 0:46:55]} 18. Bf2 {[%clk 0:24:30]} Rd7 {[%clk 0:43:54]} 19. a4
{[%clk 0:23:29]} Bf6 {[%clk 0:42:47]} 20. Nd2 {[%clk 0:16:45]} Ne7
{[%clk 0:41:46]} 21. c4 {[%clk 0:16:41]} Ng6 {[%clk 0:40:34]} 22. Bb6
{[%clk 0:15:29]} Qb8 {[%clk 0:40:56]} 23. Qe3 {[%clk 0:15:03]} Bd8
{[%clk 0:39:58]} 24. a5 {[%clk 0:12:17]} Bxb6 {[%clk 0:40:09]} 25. Rxb6
{[%clk 0:11:53]} Rc6 {[%clk 0:38:18]} 26. Rdb1 {[%clk 0:11:49]} Rxb6
{[%clk 0:37:57]} 27. Qxb6 {[%clk 0:11:19]} Qc7 {[%clk 0:32:46]} 28. Kf1
{[%clk 0:06:49]} f5 {[%clk 0:29:02]} 29. exf5 {[%clk 0:04:19]} Bxf5
{[%clk 0:28:52]} 30. Bd3 {[%clk 0:04:44]} Be6 {[%clk 0:28:07]} 31. Qb4
{[%clk 0:03:31]} Rf7 {[%clk 0:25:32]} 32. Be4 {[%clk 0:03:38]} Ne7
{[%clk 0:24:12]} 33. Qxb7 {[%clk 0:03:45]} Qc5 {[%clk 0:24:05]} 34. Qxa6
{[%clk 0:02:31]} Qd4 {[%clk 0:24:06]} 35. Ke2 {[%clk 0:02:19]} d5
{[%clk 0:21:55]} 36. Rb8+ {[%clk 0:02:05]} Bc8 {[%clk 0:21:13]} 37. Rxc8+
{[%clk 0:02:26]} Nxc8 {[%clk 0:21:37]} 38. Qxc8+ {[%clk 0:02:51]} Rf8
{[%clk 0:21:58]} 39. Bxd5+ {[%clk 0:03:15]} Qxd5 {[%clk 0:22:08]} 40. Qxf8+
{[%clk 0:33:39]} Kxf8 {[%clk 0:52:32]} 41. cxd5 1-0